Kartkówka z wiedzy ogólnej. - Statystyki

Ogólne statystyki
  • Ten quiz został rozwiązany 53 razy
  • Średni wynik to 5 z 10
Statystyki odpowiedzi
Pytanie Odpowiedź % Poprawnych
Szósta planeta od Słońca to: Saturn
100%
Planeta, której księżycem jest Ganimedes to: Jowisz
80%
1/2a*h to wzór na pole: Trójkąta
70%
Najmniej zasolone morze to: Bałtyk
65%
Drzewo iglaste rosnące w Polsce, które zrzuca igły na zimę to: Modrzew
65%
Na podstawie twierdzenia Pitagorasa oblicz ile wynosi przeciwprostokątna C jeżeli A=4, B do kwadratu=9. 5
54%
Mieszanina stężonego kwasu solnego i kwasu azotowego w stosunku 3:1 to woda: Królewska
11%
Dwa gatunki stekowców żyjące na Ziemi to: Kolczatka Dziobak
9%
Zwierzę, którego odchody mają kształt sześcianów to: Wombat
9%
Największe organizmy żyjące na Ziemi to: Grzyby
7%
Nie znaleziono quizów pasujących do podanych kryteriów
Rozkład punktacji
Procent ludzi z każdym wynikiem
Percentyl według liczby udzielonych odpowiedzi
Twoja historia wyników
Nie rozwiązałeś tego quizu